000 00448cam a2200181 4500
001 D12551
008 090401t1920 xxu||||| |||| 00| 0 eng d
035 _a(Sirsi) u4142
041 _aeng
100 _aCurtis, C.E.
245 _aValuation of Land and Houses. rearranged and revised by Sydney A.Smith
250 _a5th
260 _aLondon
_bEstates Gazette
_c1920
350 _a0
520 _aShelf 135
942 _n0
948 _c04/03/1997
999 _c85999
_d85999